Factors associated with current cigarette smoking among adolescents in Ville Du Sud, Cote D'Ivoire (Record no. 31434)

MARC details
000 -LEADER
fixed length control field 00736nam a2200169 a 4500
008 - FIXED-LENGTH DATA ELEMENTS--GENERAL INFORMATION
fixed length control field 121022s2007 ||||||||||||||||| || u
050 ## - LIBRARY OF CONGRESS CALL NUMBER
Classification number PAPERS/STAFF/SIZIYA
100 ## - MAIN ENTRY--PERSONAL NAME
Personal name Siziya, Seter
245 10 - TITLE STATEMENT
Title Factors associated with current cigarette smoking among adolescents in Ville Du Sud, Cote D'Ivoire
Statement of responsibility, etc. by Seter Siziya; [and others]
260 ## - PUBLICATION, DISTRIBUTION, ETC.
Place of publication, distribution, etc. Lusaka:
Name of publisher, distributor, etc. University of Zambia, School of Medicine
Date of publication, distribution, etc. 2007
300 ## - PHYSICAL DESCRIPTION
Extent p. 40 - p. 46: ill.
490 ## -
-- Mali Medical
490 ## -
-- Vol. 22, No. 4
500 ## - GENERAL NOTE
General note Bibliography
650 ## - SUBJECT ADDED ENTRY--TOPICAL TERM
Topical term or geographic name entry element CIGARETTE SMOKING--ADOLESCENTS--COTE D'IVOIRE
995 ## -
-- SPECIAL COLLECTIONS
-- 260
-- CBU-SCHOOL OF MEDICINE LIBRARY (Ndola)
-- PAPERS/STAFF/SIZIYA
-- 1
-- AVAILABLE
-- Nov 15, 2012
-- B260
-- Zambiana Collection
999 ## -
-- 31434
-- 31434
Holdings
Withdrawn status Lost status Source of classification or shelving scheme Damaged status Not for loan Permanent Location Current Location Shelving location Date acquired Total Checkouts Full call number Barcode Date last seen Price effective from Koha item type
          CBU-SCHOOL OF MEDICINE LIBRARY, NDOLA. CBU-SCHOOL OF MEDICINE LIBRARY, NDOLA.   11/30/2022   PAPERS/STAFF/SIZIYA B260 11/30/2022 11/30/2022 MONOGRAPH